International archives of photogrammetry Vol. 24 Part V/1 - 2: precision and speed in close range photogrammetry (Record no. 88395)

MARC details
000 -LEADER
fixed length control field 00844cam a2200229 4500
001 - CONTROL NUMBER
control field D15524
008 - FIXED-LENGTH DATA ELEMENTS--GENERAL INFORMATION
fixed length control field 090401t1982 xxu||||| |||| 00| 0 eng d
035 ## - SYSTEM CONTROL NUMBER
System control number (Sirsi) u23382
041 ## - LANGUAGE CODE
Language code of text/sound track or separate title eng
050 ## - LIBRARY OF CONGRESS CALL NUMBER
Classification number 526.982
100 ## - MAIN ENTRY--PERSONAL NAME
Personal name Gates, J.W.C. (ed)
245 ## - TITLE STATEMENT
Title International archives of photogrammetry Vol. 24 Part V/1 - 2: precision and speed in close range photogrammetry
260 ## - PUBLICATION, DISTRIBUTION, ETC.
Place of publication, distribution, etc. London
Name of publisher, distributor, etc. Brit Nat Comm for Photogrammetry on beha
Date of publication, distribution, etc. 1982
300 ## - PHYSICAL DESCRIPTION
Extent 2v. (557p). ill. 30cm
350 ## - PRICE (NR) (BK AM CF MU VM SE) [OBSOLETE]
Price 15
520 ## - SUMMARY, ETC.
Summary, etc. In association with Surveyors Publications; Filed in box RICS 1982/44 AC and 1982/44 aAC
700 ## - ADDED ENTRY--PERSONAL NAME
Personal name Atkinson, K.B.
710 ## - ADDED ENTRY--CORPORATE NAME
Corporate name or jurisdiction name as entry element Royal Institution of Chartered Surveyors
9 (RLIN) 4900
710 ## - ADDED ENTRY--CORPORATE NAME
Corporate name or jurisdiction name as entry element International Society for Photogrammetry and Remote SensingCommission V: York 1982.
9 (RLIN) 1122
942 ## - ADDED ENTRY ELEMENTS (KOHA)
Suppress in OPAC 0
948 ## - LOCAL PROCESSING INFORMATION (OCLC); SERIES PART DESIGNATOR (RLIN)
c (OCLC) 04/03/1997
Holdings
Withdrawn status Lost status Source of classification or shelving scheme Damaged status Not for loan Home library Current library Shelving location Date acquired Cost, normal purchase price Total Checkouts Full call number Barcode Date last seen Copy number Cost, replacement price Price effective from Koha item type
    Other/Generic Classification Scheme     London London RICS Boxes 14/09/1999 15.00   RICS 1982/44 30006981 06/08/2019 1 15.00 06/08/2019 Reference material
    Other/Generic Classification Scheme     London London RICS Boxes 13/08/1991 15.00   RICS 1982/44 30006982 06/08/2019 2 15.00 06/08/2019 Book
    Other/Generic Classification Scheme     London London RICS Boxes 08/01/1992 15.00   RICS 1982/44 30031259 06/08/2019 3 15.00 06/08/2019 Archive
    Other/Generic Classification Scheme     London London RICS Boxes 08/01/1992 15.00   RICS 1982/44 30031263 06/08/2019 4 15.00 06/08/2019 Reference material